zpět

Detail výsledku týmu

Barcelounoc - Vinohrady, Praha

Datum a čas kvízu

22 Celkem bodů Celkový počet nahraných bodů na tomto kvízu bez doplňovacích otázek.
4. Pořadí na kvízu Konečné umístění týmu na tomto kvízu.

Zaznamenané odpovědi

# Otázka Odpověď Body Výsledky
1. Český marketér a komentátor Ma... 1
2. Pět nenechavců ve Španělsku se... 0
3. Ve čtvrtek přišel do kin celov... 0
4. Americká firma otevřela první... 0
5. Norští sportovci musejí před b... 1
6. Toto téma jste si na facebooko... 0
7. Přiřaďte k sobě správně české... 0
5. Jsou-li splněny všechny ostatn... 1
5. U prvních sedmi párů žeber při... 0
5. Jak se jmenuje druhá největší... 0